• 首页
  • 本馆介绍
  • 公告通知
  • 最新文献
  • 馆藏检索
  • 电子资源
  • 读者导购
  • 参考咨询
  • 我的图书馆
  • 登录
  • 详细信息显示
  • 放入我的书架
  • 预约/预借图书
  • 作者相关作品
  • 分类相关作品
  • 丛书相关作品
  • 出版社相关作品

书目信息

  • 表格格式
  • 工作单格式
  • 卡片格式
题名:
鲜味科学与鸡精调味料工艺概论
    
 
作者: 顾艳君 主编
分册:  
出版信息: 上海   上海科学普及出版社  2017
页数: 319页
开本: 27cm
丛书名:
单 册:
中图分类: TS264.2
科图分类:
主题词: 调味料--Tiao Wei Liao--研究 , 味精--Wei Jing--研究
电子资源:
ISBN: 978-7-5427-6856-8
000 01197nam0 2200301 450
001 012001003389
005 20140130135639.0
010    @a978-7-5427-6856-8@dCNY98.00
092    @aCN@bLX2018-006-02
099    @aCAL 012018058087
100    @a20180518d2017 em y0chiy50 ea
101 0  @achi
102    @aCN@b310000
105    @aak a 000yy
106    @ar
200 1  @a鲜味科学与鸡精调味料工艺概论@AXian Wei Ke Xue Yu Ji Jing Tiao Wei Liao Gong Yi Gai Lun@d= Xian science and the introduction of chicken essence seasoning technology@f顾艳君主编@zeng
210    @a上海@c上海科学普及出版社@d2017
215    @a319页@c图 (部分彩图)@d27cm
310    @a上海太太乐食品有限公司捐赠
320    @a有书目
330    @a本书从鲜味科学及工业化发展入手,向读者介绍鲜味调查味料,通过鸡精调味料设计、加工环节的介绍,使读者对原料、配方设计、生产工艺与设备、质量安全控制等各方面有所了解。
510 1  @aXian science and the introduction of chicken essence seasoning technology@zeng
606 0  @a调味料@ATiao Wei Liao@x研究
606 0  @a味精@AWei Jing@x研究
690    @aTS264.2@v5
701  0 @a顾艳君@AGu Yan Jun@4主编
801  0 @aCN@b北京卓展@c20191020
905    @b1211456-9@dTS264.2@e342@f4
    
    鲜味科学与鸡精调味料工艺概论= Xian science and the introduction of chicken essence seasoning technology/顾艳君主编.-上海:上海科学普及出版社,2017
    319页:图 (部分彩图);27cm
    
    
    ISBN 978-7-5427-6856-8:CNY98.00
    本书从鲜味科学及工业化发展入手,向读者介绍鲜味调查味料,通过鸡精调味料设计、加工环节的介绍,使读者对原料、配方设计、生产工艺与设备、质量安全控制等各方面有所了解。
●
相关链接 在E读中查询图书 在五车中查询图书 在当当中查询图书 在豆瓣中查询图书


正题名:鲜味科学与鸡精调味料工艺概论     索取号:TS264.2/342         预约/预借

序号 登录号 条形码 馆藏地/架位号 状态 备注
1 1211456   212114567   第二样本阅览室/ [索取号:TS264.2/342] 在馆    
2 1211457   212114576   第三借阅区/ [索取号:TS264.2/342] 在馆    
3 1211458   212114585   第三借阅区/ [索取号:TS264.2/342] 在馆    
4 1211459   212114594   第三借阅区/ [索取号:TS264.2/342] 在馆    
唐山师范学院图书馆 欢迎您!
大连网信软件有限公司© 版权所有